[Event "13th Poti Nana Aleksandria Cup"]
[Site "Poti"]
[Date "2018.07.15"]
[Round "4"]
[White "Mgeladze, Tamaz"]
[Black "Der Manuelian, Haik"]
[Result "1-0"]
[WhiteElo "2374"]
[BlackElo "2242"]
[Annotator "NA"]
[PlyCount "187"]
[EventDate "2018.07.13"]
[EventType "swiss"]
[EventCountry "GEO"]
[SourceTitle "playchess.com"]
[Source "ChessBase"]
[SourceQuality "1"]
[TimeControl "40/5400+30:1800+30"]

1. c4 {[%emt 0:00:00]} e6 {[%emt 0:00:00]} 2. Nf3 {[%emt 0:01:00]} d5 {[%emt 0:00:00]} 3. b3 {[%emt 0:01:52]} Nf6 {[%emt 0:01:27]} 4. Bb2 {[%emt 0:03:00]} c5 {[%emt 0:00:07]} 5. e3 {[%emt 0:04:50]} b6 {[%emt 0:04:13]} 6. g3 {[%emt 0:04:30]} Bb7 {[%emt 0:01:18]} 7. Bg2 {[%emt 0:00:06]} Nbd7 {[%emt 0:00:27]} 8. Nc3 {[%emt 0:00:28]} Be7 {[%emt 0:00:55]} 9. cxd5 {[%emt 0:00:29]} exd5 {[%emt 0:00:17]} 10. O-O {[%emt 0:00:50]} O-O {[%emt 0:00:35]} 11. d4 {[%emt 0:00:17]} Rc8 {[%emt 0:06:42]} 12. Rc1 {[%emt 0:03:24]} Re8 {[%emt 0:15:29] E17: Damenindisch (Hauptfortsetzung)} 13. Qc2 {[%emt 0:07:01]} (13. dxc5 bxc5 14. Nh4 Nb6 15. a4 a5 16. Nb5 Ba6 17. Re1 Bf8 18. Qf3 Ne4 19. Red1 Bxb5 20. axb5 a4 21. bxa4 Nxa4 {0-1 (61) Sonis,F (2445)-Brunello,S (2542) Chianciano Terme 2018}) 13... Ne4 {[%emt 0:04:46]} 14. dxc5 $146 {[%emt 0:04:11]} ({Vorgänger:} 14. Rfd1 cxd4 15. Nxd4 Bb4 16. Nde2 Ndf6 17. Qd3 Nxf2 18. Kxf2 {1-0 (33) Lenz,A (2197)-Schneider Zinner,H (2377) Zwettl 2012}) 14... Nxc3 {[%emt 0:01:59]} 15. Qxc3 {[%emt 0:06:02]} Bf6 {[%emt 0:00:27]} 16. Qd2 {[%emt 0:00:04]} bxc5 {[%emt 0:02:07]} 17. Rfd1 {[%emt 0:00:32]} Bxb2 {[%emt 0:02:26]} 18. Qxb2 {[%emt 0:01:29]} Nf6 {[%emt 0:00:15]} 19. Rc2 {[%emt 0:11:05]} Qb6 {[%emt 0:10:20]} 20. Rdc1 {[%emt 0:02:44]} Ba6 {[%emt 0:01:29]} 21. Bh3 {[%emt 0:10:17]} Rc7 {[%emt 0:01:26]} 22. Rd1 {[%emt 0:09:48]} Bc8 {[%emt 0:01:46]} 23. Bg2 {[%emt 0:00:57]} Bf5 {[%emt 0:02:01]} 24. Rcc1 {[%emt 0:00:38]} Be4 {[%emt 0:01:14]} 25. h3 {[%emt 0:04:00]} a5 {[%emt 0:02:07]} 26. Qd2 {[%emt 0:04:04]} Qb4 {[%emt 0:12:12]} 27. Ne1 {[%emt 0:01:42]} Bxg2 {[%emt 0:05:34]} 28. Nxg2 {[%emt 0:00:11]} Qxd2 {[%emt 0:04:46]} 29. Rxd2 {[%emt 0:00:02]} g5 {[%emt 0:00:08]} 30. Ne1 {[%emt 0:00:52]} a4 {[%emt 0:03:31]} 31. b4 {[%emt 0:02:15]} c4 {[%emt 0:02:01]} 32. a3 {[%emt 0:00:01]} Rd7 {[%emt 0:01:21]} 33. Nf3 {[%emt 0:00:38]} h6 {[%emt 0:00:54]} 34. Rd4 {[%emt 0:01:26]} Kf8 {[%emt 0:01:23]} 35. Kf1 {[%emt 0:01:07]} Re6 {[%emt 0:03:16]} 36. Nd2 {[%emt 0:00:46]} Ke7 {[%emt 0:03:03]} 37. g4 {[%emt 0:01:03]} Kd8 {[%emt 0:01:15]} 38. Ke2 {[%emt 0:00:36]} Rc6 {[%emt 0:01:24]} 39. Nf3 {[%emt 0:00:44]} Re6 {[%emt 0:00:11]} 40. Rdd1 {[%emt 0:00:00]} Ne8 {[%emt 0:00:00]} 41. Nd4 {[%emt 0:05:43]} Rb6 {[%emt 0:03:47]} 42. h4 {[%emt 0:02:17]} Nd6 {[%emt 0:01:49]} 43. hxg5 {[%emt 0:02:41]} hxg5 {[%emt 0:00:18]} 44. Rh1 {[%emt 0:00:24]} Nb5 {[%emt 0:00:35]} 45. Rh8+ {[%emt 0:00:44]} Kc7 {[%emt 0:00:08]} 46. Nxb5+ {[%emt 0:00:25]} Rxb5 {[%emt 0:00:02]} 47. Ra8 {[%emt 0:04:15]} Rb7 {[%emt 0:04:33]} 48. Rxa4 {[%emt 0:00:26]} Kb6 {[%emt 0:00:07]} 49. Rd1 {[%emt 0:03:37]} Rbc7 {[%emt 0:00:26]} 50. Ra5 {[%emt 0:00:29]} c3 {[%emt 0:00:16] [#]} 51. Kd3 $18 {[%emt 0:00:45]} Rc4 {[%emt 0:02:14]} 52. Kc2 {[%emt 0:01:26]} Rxg4 {[%emt 0:00:19]} 53. Rdxd5 {[%emt 0:01:58]} Rxd5 {[%emt 0:00:25]} 54. Rxd5 {[%emt 0:00:05]} Rg2 {[%emt 0:00:12]} 55. Kxc3 {[%emt 0:00:07]} Rxf2 {[%emt 0:00:05]} 56. Rxg5 {[%emt 0:00:09]} f5 {[%emt 0:00:46]} 57. Rg6+ {[%emt 0:00:47]} Kc7 {[%emt 0:00:30]} 58. Rf6 {[%emt 0:01:23]} Ra2 {[%emt 0:00:41]} 59. Kb3 {[%emt 0:00:48]} Re2 {[%emt 0:00:05]} 60. Rxf5 {[%emt 0:00:18]} Rxe3+ {[%emt 0:00:01]} 61. Ka4 {[%emt 0:00:08]} Kb6 {[%emt 0:01:00]} 62. Rf6+ {[%emt 0:00:41]} Kb7 {[%emt 0:00:15]} 63. Rf4 {[%emt 0:00:21]} Kb6 {[%emt 0:00:20]} 64. b5 {[%emt 0:01:51]} Re6 {[%emt 0:02:04]} 65. Kb4 {[%emt 0:00:14]} Rh6 {[%emt 0:00:04]} 66. a4 {[%emt 0:00:05]} Rh7 {[%emt 0:00:12]} 67. a5+ {[%emt 0:00:06]} Kb7 {[%emt 0:00:29]} 68. Rf5 {[%emt 0:00:17]} Ka7 {[%emt 0:00:36]} 69. Re5 {[%emt 0:00:17]} Rg7 {[%emt 0:00:12]} 70. a6 {[%emt 0:00:12]} Kb6 {[%emt 0:01:11]} 71. Re6+ {[%emt 0:00:06]} Ka7 {[%emt 0:00:08]} 72. Ka5 {[%emt 0:00:11]} Rg5 {[%emt 0:00:03]} 73. Re7+ {[%emt 0:00:03]} Kb8 {[%emt 0:00:22]} 74. Rb7+ {[%emt 0:00:33]} Ka8 {[%emt 0:00:03]} 75. Rd7 {[%emt 0:00:04]} Kb8 {[%emt 0:00:13]} 76. Kb6 {[%emt 0:00:10]} Rg6+ {[%emt 0:00:05]} 77. Kc5 {[%emt 0:00:05]} Rg5+ {[%emt 0:00:07]} 78. Rd5 {[%emt 0:00:03]} Rg1 {[%emt 0:00:32]} 79. Kc6 {[%emt 0:00:20]} Rc1+ {[%emt 0:00:03]} 80. Rc5 {[%emt 0:01:15]} Rh1 {[%emt 0:00:40]} 81. b6 {[%emt 0:00:39]} Rb1 {[%emt 0:02:14]} 82. Rc4 {[%emt 0:00:44]} Rb2 {[%emt 0:01:14]} 83. Re4 {[%emt 0:01:06]} Rc2+ {[%emt 0:00:09]} 84. Kb5 {[%emt 0:00:30]} Rb2+ {[%emt 0:00:07]} 85. Rb4 {[%emt 0:01:17]} Rh2 {[%emt 0:00:25]} 86. Rg4 {[%emt 0:00:14]} Rb2+ {[%emt 0:00:10]} 87. Kc5 {[%emt 0:00:09]} Rc2+ {[%emt 0:00:05]} 88. Kd4 {[%emt 0:00:16]} Rd2+ {[%emt 0:01:01]} 89. Kc3 {[%emt 0:00:14]} Rd8 {[%emt 0:00:04]} 90. Kc4 {[%emt 0:00:22]} Rh8 {[%emt 0:00:18]} 91. Re4 {[%emt 0:00:48]} Rg8 {[%emt 0:01:14]} 92. Re5 {[%emt 0:00:23]} Rh8 {[%emt 0:01:54]} 93. Kb5 {[%emt 0:00:23]} Ka8 {[%emt 0:00:11]} 94. a7 {[%emt 0:00:55]} 1-0

[Event "13th Poti Nana Aleksandria Cup"]
[Site "Poti"]
[Date "2018.07.15"]
[Round "4"]
[White "Chkhaidze, Nikoloz"]
[Black "Ghvamberia, Nika"]
[Result "1/2-1/2"]
[WhiteElo "2337"]
[BlackElo "2236"]
[Annotator "NA"]
[PlyCount "76"]
[EventDate "2018.07.13"]
[EventType "swiss"]
[EventCountry "GEO"]
[SourceTitle "playchess.com"]
[Source "ChessBase"]
[SourceQuality "1"]
[TimeControl "40/5400+30:1800+30"]

1. e4 {[%emt 0:00:00]} c5 {[%emt 0:00:00]} 2. Nf3 {[%emt 0:00:00]} e6 {[%emt 0:00:12]} 3. Nc3 {[%emt 0:00:46]} a6 {[%emt 0:00:18]} 4. d4 {[%emt 0:00:07]} cxd4 {[%emt 0:00:04]} 5. Nxd4 {[%emt 0:00:03]} Qc7 {[%emt 0:00:15]} 6. g4 {[%emt 0:00:08]} b5 {[%emt 0:04:47]} 7. Bg2 {[%emt 0:00:20]} Bb7 {[%emt 0:00:07]} 8. Qe2 {[%emt 0:01:00]} Nc6 {[%emt 0:09:22]} 9. Nxc6 {[%emt 0:04:19]} Qxc6 {[%emt 0:05:11]} 10. a3 {[%emt 0:00:38]} Bc5 {[%emt 0:07:13]} 11. Be3 {[%emt 0:03:36]} Ne7 {[%emt 0:02:30]} 12. O-O-O {[%emt 0:04:47]} d6 {[%emt 0:05:35]} 13. f4 {[%emt 0:14:42]} O-O {[%emt 0:08:23]} 14. h4 {[%emt 0:16:00]} Bxa3 {[%emt 0:10:51]} 15. Nd5 {[%emt 0:08:22]} exd5 {[%emt 0:12:38]} 16. exd5 {[%emt 0:00:22]} Bxb2+ {[%emt 0:10:21]} 17. Kxb2 {[%emt 0:00:08]} Qc7 {[%emt 0:00:10]} 18. Kb1 {[%emt 0:16:14]} Rfe8 {[%emt 0:01:50]} 19. Rhe1 {[%emt 0:00:36]} Rac8 {[%emt 0:03:13]} 20. Bc1 {[%emt 0:00:22]} Qd7 {[%emt 0:05:03]} 21. Qd3 {[%emt 0:06:20]} Rc5 {[%emt 0:03:05]} 22. Bb2 {[%emt 0:01:59]} Rec8 {[%emt 0:06:42]} 23. Be4 {[%emt 0:04:34]} Kh8 {[%emt 0:01:26]} 24. h5 {[%emt 0:03:29]} h6 {[%emt 0:01:07]} 25. g5 {[%emt 0:00:48]} Nxd5 {[%emt 0:00:16]} 26. Qd4 {[%emt 0:05:25]} f6 {[%emt 0:00:47]} 27. gxh6 {[%emt 0:01:27]} Nc3+ {[%emt 0:00:18]} 28. Bxc3 {[%emt 0:00:27]} Bxe4 {[%emt 0:00:10]} 29. hxg7+ {[%emt 0:01:23]} Qxg7 {[%emt 0:00:01]} 30. h6 {[%emt 0:03:54]} Bxc2+ {[%emt 0:00:04]} 31. Kb2 {[%emt 0:00:17]} Qf7 {[%emt 0:00:14]} 32. Qxf6+ {[%emt 0:00:24]} Qxf6 {[%emt 0:00:01]} 33. Bxf6+ {[%emt 0:00:04]} Kh7 {[%emt 0:00:10]} 34. Re7+ {[%emt 0:03:00]} Kxh6 {[%emt 0:00:40]} 35. Rh1+ {[%emt 0:00:54]} Kg6 {[%emt 0:01:45]} 36. Bd4 {[%emt 0:00:08]} Rc4 {[%emt 0:01:07]} 37. Re6+ {[%emt 0:00:55]} Kf5 {[%emt 0:00:00]} 38. Rxd6 {[%emt 0:00:13]} Kxf4 {[%emt 0:01:53]} 1/2-1/2

[Event "13th Poti Nana Aleksandria Cup"]
[Site "Poti"]
[Date "2018.07.15"]
[Round "4"]
[White "Aliyev, Ravan"]
[Black "Mosadeghpour, Masoud"]
[Result "1-0"]
[WhiteElo "2324"]
[BlackElo "2531"]
[Annotator "TA"]
[PlyCount "79"]
[EventDate "2018.07.13"]
[EventType "swiss"]
[EventCountry "GEO"]
[SourceTitle "playchess.com"]
[Source "ChessBase"]
[SourceQuality "1"]

{[%evp 19,79,0,21,-20,0,-2,24,-51,-55,-50,-55,-67,-25,-62,0,0,0,-50,-43,-77,-8,-27,0,-39,24,10,66,58,58,68,120,58,156,165,144,150,132,27,54,12,26,17,261,270,284,283,281,282,244,252,334,301,315,323,456,450,460,329,564,556,546,546]} 1. d4 Nf6 2. c4 g6 3. Nc3 d5 4. cxd5 Nxd5 5. e4 Nxc3 6. bxc3 Bg7 7. Bc4 c5 8. Ne2 Nc6 9. Be3 O-O 10. Rc1 Qa5 {LiveBook: 5 Partien} 11. Kf1 {D87: Grünfeldindisch (Abtauschvariante, Botwinnik-Variante)} (11. dxc5 Ne5 $15) (11. O-O e6 12. Qb3 b6 13. Rfd1 Ba6 14. Nf4 Bxc4 15. Qxc4 Rac8 16. d5 exd5 17. Nxd5 Rfe8 18. Bf4 b5 19. Qxc5 Rxe4 {0-1 (39) Ivanchuk,V (2755)-Dominguez Perez,L (2723) Thessaloniki 2013 CBM 155 [Krasenkow,M]}) 11... b5 12. Bd5 Bb7 13. Bxc6 (13. h4 $11) 13... Bxc6 $15 14. d5 Bd7 $146 ({Vorgänger:} 14... Rfd8 15. Qc2 Bb7 16. Bxc5 Qc7 17. Be3 Qc4 18. f3 e6 19. dxe6 Qxe6 {0-1 (46) Popiol,M (1898)-Kyc,J (2096) Dobczyce 2014}) 15. Qd2 b4 16. c4 f5 (16... e6 $15) 17. h4 $11 e5 {Und ...f4 würde nun gewinnen.} 18. Bg5 f4 $1 (18... fxe4 $6 19. Ng3 $14) 19. f3 Rfe8 (19... h6 $17 20. Be7 Rfe8) 20. d6 {[%cal Bd5d6,Bd6e7][%mdl 32]} Re6 21. Be7 Bf8 ({Günstiger ist} 21... Re8 $15) 22. h5 $1 g5 (22... Re8 $1 $11) 23. h6 $1 $14 {Und weiter mit Th5 wäre nett.} Bxe7 24. dxe7 Bc6 (24... Qc7 $14) 25. Rh5 (25. Rd1 $1 $16 Re8 26. Rh5) 25... Rg6 ({Besser ist} 25... Qc7 $1 $14) 26. Rd1 $16 {Schwarz muss nun Dd8+ beachten.} Re8 {[#]} 27. Qd8 $1 {[%cal Rd8a5]} Qb6 {[#]} (27... Qxa2 $6 28. Rd6 $14) 28. Rd6 (28. Nc1 $1 $16) 28... Kf7 $1 $11 29. Rxg6 hxg6 (29... Kxg6 30. Qd6+ Kxh5 31. g4+ fxg3 32. Nxg3+ Kh4 33. Qe6 Bd7 34. Qxd7 Qe6 35. Qxe6 Kxg3 36. Qg4+ Kh2 37. Qg2#) 30. h7 $40 {[%mdl 128] Weiss hat was vor.} gxh5 $2 (30... Rxd8 $11 {und Schwarz muss sich keine Sorgen machen.} 31. exd8=N+ (31. exd8=R Qxd8 32. h8=Q Qd1+ 33. Kf2 gxh5 $18) 31... Qxd8) 31. h8=Q $18 Rxh8 32. Qxh8 Kxe7 33. Qxe5+ Kd7 34. Qxg5 a5 35. Nxf4 ({Jedoch nicht} 35. Qxf4 $6 a4 $18) 35... a4 36. Qf5+ ({Und nicht} 36. Nxh5 b3 $11) 36... Kd8 (36... Kc7 {ist wohl besser.} 37. Ne6+ Kb8 38. Qe5+ (38. Qxh5 b3 $16) 38... Ka7 39. Nxc5 b3 40. Qg7+ Ka8 41. Qf8+ Ka7 42. axb3 a3 43. Qe7+ Ka8 44. Qf8+ Ka7 45. Qe7+ Ka8) 37. Ne6+ Ke7 {beabsichtigt ...b3.} 38. Nxc5 b3 $2 (38... Be8 39. Qe5+ Kd8 40. Ne6+ Kc8) 39. Qe6+ Kd8 40. Qd6+ {Precision: Weiß = 62%, Schwarz = 33%.} 1-0

[Event "13th Poti Nana Aleksandria Cup"]
[Site "Poti"]
[Date "2018.07.15"]
[Round "4"]
[White "Matsenko, Andrei"]
[Black "Sindarov, Javokhir"]
[Result "0-1"]
[WhiteElo "2299"]
[BlackElo "2474"]
[Annotator "ChessBase"]
[PlyCount "82"]
[EventDate "2018.07.13"]
[EventType "swiss"]
[EventCountry "GEO"]
[SourceTitle "playchess.com"]
[Source "ChessBase"]
[SourceQuality "1"]
[TimeControl "40/5400+30:1800+30"]

1. Nf3 {[%emt 0:00:00]} Nf6 {[%emt 0:05:27]} 2. c4 {[%emt 0:00:00]} g6 {[%emt 0:00:09]} 3. Nc3 {[%emt 0:00:00]} Bg7 {[%emt 0:00:07]} 4. e4 {[%emt 0:00:06]} d6 {[%emt 0:00:03]} 5. d4 {[%emt 0:00:04]} O-O {[%emt 0:00:05]} 6. Be2 {[%emt 0:00:12]} Bg4 {[%emt 0:00:06]} 7. Be3 {[%emt 0:02:17]} Nfd7 {[%emt 0:00:13]} 8. d5 {[%emt 0:00:32]} Na6 {[%emt 0:01:28]} 9. Nd4 {[%emt 0:01:17]} Bxe2 {[%emt 0:00:23]} 10. Qxe2 {[%emt 0:01:10]} Qc8 {[%emt 0:00:25]} 11. O-O {[%emt 0:12:48]} c5 {[%emt 0:00:34]} 12. Nf3 {[%emt 0:02:13]} Nc7 {[%emt 0:00:27]} 13. Qd2 {[%emt 0:01:29]} Re8 {[%emt 0:02:27]} 14. Rae1 {[%emt 0:02:49]} a6 {[%emt 0:00:21]} 15. a4 {[%emt 0:00:08]} b5 {[%emt 0:12:45]} 16. axb5 {[%emt 0:04:20]} axb5 {[%emt 0:00:06]} 17. Nxb5 {[%emt 0:08:19]} Nxb5 {[%emt 0:00:39]} 18. cxb5 {[%emt 0:00:08]} Rb8 {[%emt 0:00:22]} 19. b4 {[%emt 0:04:47]} cxb4 {[%emt 0:00:13]} 20. Rc1 {[%emt 0:01:32]} Bc3 {[%emt 0:00:29]} 21. Qe2 {[%emt 0:00:40]} Nc5 {[%emt 0:03:21]} 22. Bd4 {[%emt 0:03:15]} Nb3 {[%emt 0:00:35]} 23. Rc2 {[%emt 0:00:10]} Nxd4 {[%emt 0:00:40]} 24. Nxd4 {[%emt 0:00:06]} Qc5 {[%emt 0:00:13]} 25. Rd1 {[%emt 0:02:05]} Rb7 {[%emt 0:01:48]} 26. Qf3 {[%emt 0:12:29]} Bxd4 {[%emt 0:07:50]} 27. Rxc5 {[%emt 0:00:16]} dxc5 {[%emt 0:00:03]} 28. e5 {[%emt 0:09:53]} Rxb5 {[%emt 0:01:09]} 29. d6 {[%emt 0:01:47]} exd6 {[%emt 0:00:16]} 30. exd6 {[%emt 0:01:34]} Rb6 {[%emt 0:03:16]} 31. d7 {[%emt 0:02:45]} Rd8 {[%emt 0:00:06]} 32. Qd5 {[%emt 0:05:32]} b3 {[%emt 0:00:22]} 33. Rb1 {[%emt 0:01:21]} b2 {[%emt 0:00:10]} 34. h4 {[%emt 0:01:07]} Ra6 {[%emt 0:07:17]} 35. Kh2 {[%emt 0:00:37]} Ra1 {[%emt 0:00:53]} 36. Rxb2 {[%emt 0:01:40]} Bxb2 {[%emt 0:00:15]} 37. Qxc5 {[%emt 0:00:03]} Bf6 {[%emt 0:01:26]} 38. Qd6 {[%emt 0:00:03]} Kg7 {[%emt 0:00:27]} 39. h5 {[%emt 0:00:02]} h6 {[%emt 0:00:25]} 40. hxg6 {[%emt 0:00:00]} fxg6 {[%emt 0:00:00]} 41. f4 {[%emt 0:01:19]} Ra7 {[%emt 0:00:23]} 0-1

[Event "13th Poti Nana Aleksandria Cup"]
[Site "Poti"]
[Date "2018.07.15"]
[Round "4"]
[White "Poormosavi, Seyed Kian"]
[Black "Janiashvili, Mariami"]
[Result "1/2-1/2"]
[WhiteElo "2221"]
[BlackElo "1988"]
[Annotator "NA"]
[PlyCount "87"]
[EventDate "2018.07.13"]
[EventType "swiss"]
[EventCountry "GEO"]
[SourceTitle "playchess.com"]
[Source "ChessBase"]
[SourceQuality "1"]
[TimeControl "40/5400+30:1800+30"]

1. Nf3 {[%emt 0:06:08]} e6 {[%emt 0:00:29]} 2. g3 {[%emt 0:00:14]} d5 {[%emt 0:00:07]} 3. Bg2 {[%emt 0:00:20]} Nf6 {[%emt 0:00:06]} 4. O-O {[%emt 0:00:18]} Bd6 {[%emt 0:01:10]} 5. d4 {[%emt 0:01:27]} O-O {[%emt 0:00:19]} 6. c4 {[%emt 0:01:19]} c6 {[%emt 0:01:01]} 7. Nc3 {[%emt 0:02:03]} Nbd7 {[%emt 0:00:51]} 8. Qc2 {[%emt 0:06:49]} Re8 {[%emt 0:02:48]} 9. Bf4 {[%emt 0:04:26]} Bxf4 {[%emt 0:07:09]} 10. gxf4 {[%emt 0:00:11]} Nf8 {[%emt 0:00:27]} 11. c5 {[%emt 0:03:57]} Ng4 {[%emt 0:01:54]} 12. Kh1 {[%emt 0:20:00]} Ng6 {[%emt 0:05:23]} 13. e3 {[%emt 0:01:05]} Nh4 {[%emt 0:03:34]} 14. Rg1 {[%emt 0:08:56]} Qf6 {[%emt 0:03:21]} 15. Ne5 {[%emt 0:07:57]} Nxe5 {[%emt 0:14:04]} 16. fxe5 {[%emt 0:00:53]} Qh6 {[%emt 0:01:12]} 17. f4 {[%emt 0:01:47]} f6 {[%emt 0:04:06]} 18. exf6 {[%emt 0:04:14]} Qxf6 {[%emt 0:00:34]} 19. Bf1 {[%emt 0:01:21]} e5 {[%emt 0:04:33]} 20. dxe5 {[%emt 0:01:42]} Qh6 {[%emt 0:00:25]} 21. Bd3 {[%emt 0:04:53]} Rf8 {[%emt 0:05:41]} 22. Raf1 {[%emt 0:09:02]} Bh3 {[%emt 0:05:18]} 23. Rf2 {[%emt 0:01:45]} Rae8 {[%emt 0:04:19]} 24. Qd2 {[%emt 0:01:09]} Kh8 {[%emt 0:06:58]} 25. Rg5 {[%emt 0:01:51]} Rd8 {[%emt 0:02:46]} 26. Qd1 {[%emt 0:03:22]} g6 {[%emt 0:07:06]} 27. Bf1 {[%emt 0:02:41]} Be6 {[%emt 0:03:01]} 28. Qd2 {[%emt 0:01:10]} Rf7 {[%emt 0:04:10]} 29. Rg1 {[%emt 0:01:17]} d4 {[%emt 0:04:16]} 30. exd4 Rfd7 31. d5 {[%emt 0:01:28]} Rxd5 {[%emt 0:00:56]} 32. Qe1 {[%emt 0:00:34]} Rd4 {[%emt 0:01:55]} 33. Qc1 {[%emt 0:01:14]} Qf8 {[%emt 0:02:41]} 34. Bg2 {[%emt 0:00:40]} Nxg2 {[%emt 0:00:40]} 35. Rgxg2 {[%emt 0:00:28]} Qxc5 {[%emt 0:00:22]} 36. Qe1 {[%emt 0:00:30]} Bh3 {[%emt 0:03:14]} 37. Rg3 {[%emt 0:00:26]} Be6 {[%emt 0:00:08]} 38. h4 {[%emt 0:00:28]} Rd3 {[%emt 0:01:10]} 39. Rfg2 {[%emt 0:00:36]} Bd5 {[%emt 0:00:39]} 40. Nxd5 {[%emt 0:00:00]} R3xd5 {[%emt 0:00:00]} 41. Qc3 {[%emt 0:14:57]} Rf8 {[%emt 0:05:52]} 42. Qxc5 {[%emt 0:10:21]} Rxc5 {[%emt 0:00:01]} 43. h5 {[%emt 0:00:07]} Rxf4 {[%emt 0:08:49]} 44. hxg6 {[%emt 0:00:28]} 1/2-1/2

[Event "13th Poti Nana Aleksandria Cup"]
[Site "Poti"]
[Date "2018.07.15"]
[Round "4"]
[White "Vakhania, Aleksandra"]
[Black "Samadov, Read"]
[Result "1/2-1/2"]
[WhiteElo "2182"]
[BlackElo "2037"]
[Annotator "NA"]
[PlyCount "178"]
[EventDate "2018.07.13"]
[EventType "swiss"]
[EventCountry "GEO"]
[SourceTitle "playchess.com"]
[Source "ChessBase"]
[SourceQuality "1"]
[TimeControl "40/5400+30:1800+30"]

1. d4 {[%emt 0:00:00]} d5 {[%emt 0:00:00]} 2. Nf3 {[%emt 0:00:00]} Nf6 {[%emt 0:00:00]} 3. g3 {[%emt 0:00:04]} Bf5 {[%emt 0:00:05]} 4. Bg2 {[%emt 0:00:09]} h6 {[%emt 0:00:43]} 5. c4 {[%emt 0:01:20]} c6 {[%emt 0:01:02]} 6. cxd5 {[%emt 0:02:27]} cxd5 {[%emt 0:00:42]} 7. Nc3 {[%emt 0:01:02]} Nc6 {[%emt 0:10:40]} 8. Qb3 {[%emt 0:03:49]} Na5 {[%emt 0:02:38]} 9. Qa4+ {[%emt 0:01:38]} Bd7 {[%emt 0:00:35]} 10. Qd1 {[%emt 0:00:19]} e6 {[%emt 0:01:59]} 11. O-O {[%emt 0:00:19]} Bd6 {[%emt 0:02:51]} 12. Ne5 {[%emt 0:00:50]} O-O {[%emt 0:09:05]} 13. Bf4 {[%emt 0:00:10]} Qe7 {[%emt 0:04:55]} 14. e4 {[%emt 0:09:53]} dxe4 {[%emt 0:05:13]} 15. Nxe4 {[%emt 0:00:07]} Nxe4 {[%emt 0:02:50]} 16. Bxe4 {[%emt 0:00:06]} Bxe5 {[%emt 0:02:42]} 17. dxe5 {[%emt 0:04:50]} Bc6 {[%emt 0:10:37]} 18. Bd3 {[%emt 0:05:47]} Rfd8 {[%emt 0:03:05]} 19. Qe2 {[%emt 0:00:17]} Rd4 {[%emt 0:08:02]} 20. Be3 {[%emt 0:06:10]} Rd5 {[%emt 0:02:55]} 21. f4 {[%emt 0:03:04]} Rad8 {[%emt 0:03:28]} 22. Rfd1 {[%emt 0:02:28]} Qd7 {[%emt 0:02:54]} 23. Bc2 {[%emt 0:01:00]} Bb5 {[%emt 0:03:42]} 24. Qe1 {[%emt 0:06:05]} Nc6 {[%emt 0:05:56]} 25. Bb3 {[%emt 0:27:15]} Rd3 {[%emt 0:02:25]} 26. Rxd3 {[%emt 0:00:30]} Qxd3 {[%emt 0:01:07]} 27. Rd1 {[%emt 0:00:25]} Qe4 {[%emt 0:00:34]} 28. Rxd8+ {[%emt 0:04:12]} Nxd8 {[%emt 0:00:02]} 29. Bf2 {[%emt 0:00:10]} Qd3 {[%emt 0:03:32]} 30. Qd1 {[%emt 0:15:22]} Nc6 {[%emt 0:02:55]} 31. Qxd3 {[%emt 0:00:59]} Bxd3 {[%emt 0:00:01]} 32. Bc5 {[%emt 0:00:06]} b6 {[%emt 0:01:55]} 33. Bd6 {[%emt 0:00:04]} Nd4 {[%emt 0:01:29]} 34. Bd1 {[%emt 0:01:44]} Be2 {[%emt 0:03:12]} 35. Bxe2 {[%emt 0:00:52]} Nxe2+ {[%emt 0:00:01]} 36. Kf2 {[%emt 0:00:08]} Nd4 {[%emt 0:00:54]} 37. g4 {[%emt 0:00:20]} h5 {[%emt 0:02:11]} 38. Ke3 {[%emt 0:01:42]} Nc6 {[%emt 0:00:31]} 39. gxh5 {[%emt 0:01:54]} Kh7 {[%emt 0:00:43]} 40. Ke4 {[%emt 0:00:00]} Kh6 {[%emt 0:00:00]} 41. Bf8 {[%emt 0:00:41]} Nb8 {[%emt 0:04:48]} 42. f5 {[%emt 0:04:41]} Nd7 {[%emt 0:01:26]} 43. fxe6 {[%emt 0:01:20]} fxe6 {[%emt 0:00:23]} 44. Bd6 {[%emt 0:00:14]} Kxh5 {[%emt 0:01:21]} 45. a4 {[%emt 0:00:10]} Nc5+ {[%emt 0:06:48]} 46. Kd4 {[%emt 0:06:09]} Nxa4 {[%emt 0:03:56]} 47. b3 {[%emt 0:00:09]} Nc5 {[%emt 0:04:50]} 48. Bxc5 {[%emt 0:03:24]} bxc5+ {[%emt 0:00:05]} 49. Kxc5 {[%emt 0:00:03]} Kg4 {[%emt 0:00:16]} 50. b4 {[%emt 0:06:11]} Kf5 {[%emt 0:00:47]} 51. Kd6 {[%emt 0:01:57]} a6 {[%emt 0:00:19]} 52. Kc6 {[%emt 0:03:20]} Kxe5 {[%emt 0:00:09]} 53. Kb6 {[%emt 0:00:03]} Kd4 {[%emt 0:01:29]} 54. Kxa6 {[%emt 0:00:11]} e5 {[%emt 0:00:05]} 55. b5 {[%emt 0:00:30]} e4 {[%emt 0:00:05]} 56. b6 {[%emt 0:00:05]} e3 {[%emt 0:00:03]} 57. b7 {[%emt 0:00:04]} e2 {[%emt 0:00:04]} 58. b8=Q {[%emt 0:00:13]} e1=Q {[%emt 0:00:13]} 59. Qa7+ {[%emt 0:02:04]} Kd3 {[%emt 0:00:39]} 60. Qxg7 {[%emt 0:02:03]} Qe6+ {[%emt 0:00:11]} 61. Kb7 {[%emt 0:00:36]} Qe4+ {[%emt 0:00:21]} 62. Kb6 {[%emt 0:02:08]} Qb4+ {[%emt 0:00:14]} 63. Kc6 {[%emt 0:00:32]} Qh4 {[%emt 0:01:27]} 64. Qe5 {[%emt 0:01:32]} Qh3 {[%emt 0:02:52]} 65. Kd6 {[%emt 0:01:28]} Qh6+ {[%emt 0:02:04]} 66. Kd5 {[%emt 0:00:12]} Qh3 {[%emt 0:00:48]} 67. Qe4+ {[%emt 0:01:45]} Kd2 {[%emt 0:00:12]} 68. Qf4+ {[%emt 0:00:18]} Ke2 {[%emt 0:00:21]} 69. Ke5 {[%emt 0:00:30]} Qh8+ {[%emt 0:04:53]} 70. Kf5 {[%emt 0:00:19]} Qf8+ {[%emt 0:00:43]} 71. Kg4 {[%emt 0:00:31]} Qg7+ {[%emt 0:00:12]} 72. Kh4 {[%emt 0:00:46]} Qh7+ {[%emt 0:00:14]} 73. Kg3 {[%emt 0:01:23]} Qd3+ {[%emt 0:01:01]} 74. Kg4 {[%emt 0:00:52]} Qg6+ {[%emt 0:00:25]} 75. Qg5 {[%emt 0:00:34]} Qe4+ {[%emt 0:00:19]} 76. Qf4 {[%emt 0:01:53]} Qg6+ {[%emt 0:00:09]} 77. Kh3 {[%emt 0:00:29]} Qd3+ {[%emt 0:00:16]} 78. Qg3 {[%emt 0:00:41]} Qh7+ {[%emt 0:00:11]} 79. Qh4 {[%emt 0:00:50]} Qd3+ {[%emt 0:00:04]} 80. Qg3 {[%emt 0:00:28]} Qh7+ {[%emt 0:00:23]} 81. Kg4 {[%emt 0:00:17]} Qg6+ {[%emt 0:00:41]} 82. Kf4 {[%emt 0:00:07]} Qf6+ {[%emt 0:00:19]} 83. Ke4 {[%emt 0:00:05]} Qe6+ {[%emt 0:00:28]} 84. Kd4 {[%emt 0:00:04]} Qd7+ {[%emt 0:00:23]} 85. Ke4 {[%emt 0:00:29]} Qe6+ {[%emt 0:00:07]} 86. Qe5 {[%emt 0:00:07]} Qg4+ {[%emt 0:00:11]} 87. Kd5+ {[%emt 0:00:23]} Kf3 {[%emt 0:00:29]} 88. Qf6+ {[%emt 0:00:30]} Qf4 {[%emt 0:00:36]} 89. Qc3+ {[%emt 0:00:16]} Kg4 {[%emt 0:00:16] Ke4} 1/2-1/2